00597 2200193 4500001002100000005001700021008004100038035002500079090002000104245009400124260003000218300003200248650004300280850001200323990001700335990001700352990001700369990001700386YOGYA-0211000000359220150221091807.0 ind  a0010-021100000003592 aR 343.072 Ind U aUndang-undang RI nomor 2 tahun 2004 tentang penyelesaian perselisihan hubungan industrial aJakartabCipta Jayac2004 axiii, 230 hlm.;ilus.;22 cm. aIndustri - Undang-undang dan peraturan aYOPDYOG a2487-pd/p.04 a2545-pd/p.04 a2488-pd/p.04 a2546-pd/p.04